Vista normal Vista MARC

Entrada Corporate Name

Número de registros utilizados en: 1

001 - CONTROL NUMBER

  • control field: 40366

003 - CONTROL NUMBER IDENTIFIER

  • control field: OSt

005 - DATE AND TIME OF LATEST TRANSACTION

  • control field: 20210914134450.0

008 - FIXED-LENGTH DATA ELEMENTS

  • fixed length control field: 210914|| aca||aabn | a|a d

040 ## - CATALOGING SOURCE

  • Original cataloging agency: OSt
  • Transcribing agency: OSt

110 ## - HEADING--CORPORATE NAME

  • Corporate name or jurisdiction name as entry element: Colombia.
  • Subordinate unit: Departamento Nocional de Planeación

670 ## - SOURCE DATA FOUND

  • Source citation: Work cat.: (OSt)12458: Colombia. Departamento Nocional de Planeación, Visión Colombia II centenario : , 2006